English Football Clubs — Sudden Death - Statistics

General Stats
  • This quiz has been taken 5,397 times
  • The average score is 16 of 35
Answers on the Grid
Answers color-coded by a green-red scale on the quiz's grid according to % correct below.
Accrington Stanley
AFC Rushden & Diamonds
Albion Rose
Ancoats Cottonopolis
Avro
Billingham Synthonia
Blyth Spartans
Bodmin Parkway
Brightlingsea Regent
Brighton Pavilion
Bristol Telephones
Cadbury Athletic
Corinthian-Casuals
Coventry Sphinx
Cray Valley Paper Mills
Crystal Palace
Dulwich Hamlet
Ellesmere Porters
FC United of Manchester
Folkestone Invicta
Glossop North End
Gujarati Rovers
Harrogate Railway Athletic
Hashtag United
Holker Old Boys
Kidderminster Harriers
Kimberley Miners Welfare
Lindsey Ironworks
Loughborough Dynamo
Metropolitan Police
Newcastle Blue Star
Northwich Victoria
Oldham Olympic
Plymouth Argyle
Pontefract Collieries
Postal Service Rangers
Prescot Cables
Real Bedford
Recreation Sports
Salford YMCA
Sheffield Wednesday
Stocksbridge Park Steels
Swindon Supermarine
Telford Salopia
Tonbridge Angels
United Factories
Vauxhall Motors
Wessex Nomads
West Allotment Celtic
Willesden Trojans
 
Answer Stats
Answer % Correct
Accrington Stanley
90%
Crystal Palace
88%
Plymouth Argyle
79%
Sheffield Wednesday
78%
AFC Rushden & Diamonds
77%
Blyth Spartans
77%
FC United of Manchester
76%
Kidderminster Harriers
75%
Hashtag United
70%
Dulwich Hamlet
69%
Metropolitan Police
66%
Vauxhall Motors
62%
Northwich Victoria
49%
Cadbury Athletic
46%
Glossop North End
45%
Corinthian-Casuals
42%
Folkestone Invicta
40%
Tonbridge Angels
39%
Harrogate Railway Athletic
38%
Loughborough Dynamo
37%
Swindon Supermarine
35%
Cray Valley Paper Mills
33%
Newcastle Blue Star
33%
Real Bedford
30%
Stocksbridge Park Steels
30%
Avro
26%
Coventry Sphinx
26%
Pontefract Collieries
26%
Prescot Cables
24%
Billingham Synthonia
21%
Brightlingsea Regent
21%
Holker Old Boys
16%
Bristol Telephones
15%
Kimberley Miners Welfare
15%
West Allotment Celtic
14%
No matching quizzes found
Score Distribution
Percent of People with Each Score
Percentile by Number Answered
Your Score History
You have not taken this quiz